Fields and waves in communication electronics, 3e (Record no. 327777)

000 -LEADER
fixed length control field 00452 a2200157 4500
001 - CONTROL NUMBER
control field 92704
082 ## - DEWEY DECIMAL CLASSIFICATION NUMBER
Classification number 621.38 RAM
090 ## - LOCALLY ASSIGNED LC-TYPE CALL NUMBER (OCLC); LOCAL CALL NUMBER (RLIN)
-- 44537
-- 44538
100 ## - MAIN ENTRY--PERSONAL NAME
Personal name Ramo, Simon; John R, Whinnery & Theodore Van Duzer
245 ## - TITLE STATEMENT
Title Fields and waves in communication electronics, 3e
250 ## - EDITION STATEMENT
Edition statement 3
260 ## - PUBLICATION, DISTRIBUTION, ETC.
Place of publication, distribution, etc. Canada
Name of publisher, distributor, etc. John Wiley
Date of publication, distribution, etc. 1993
300 ## - PHYSICAL DESCRIPTION
Extent xix, 844 p.
500 ## - GENERAL NOTE
General note MS textbook Avionics
650 ## - SUBJECT ADDED ENTRY--TOPICAL TERM
Topical term or geographic name entry element telecommunication; electromagnetic fields
942 ## - ADDED ENTRY ELEMENTS (KOHA)
Institution code [OBSOLETE] NUST-CAE
Call number prefix 621.38 RAM
Holdings
Withdrawn status Lost status Damaged status Not for loan Collection code Permanent Location Current Location Date acquired Total Checkouts Full call number Barcode Date last seen Price effective from Koha item type
          College of Aeronautical Engineering (CAE) College of Aeronautical Engineering (CAE) 04/03/2017   621.38 RAM CAEN-6282 04/05/2017 04/05/2017 Book
          College of Aeronautical Engineering (CAE) College of Aeronautical Engineering (CAE) 04/03/2017   621.38 RAM CAEN-6288 04/05/2017 04/05/2017 Book
          College of Aeronautical Engineering (CAE) College of Aeronautical Engineering (CAE) 04/03/2017   621.38 RAM CAEN-6287 04/05/2017 04/05/2017 Book
          College of Aeronautical Engineering (CAE) College of Aeronautical Engineering (CAE) 04/03/2017   621.38 RAM CAEN-6286 04/05/2017 04/05/2017 Book
          College of Aeronautical Engineering (CAE) College of Aeronautical Engineering (CAE) 04/03/2017   621.38 RAM CAEN-6285 04/05/2017 04/05/2017 Book
          College of Aeronautical Engineering (CAE) College of Aeronautical Engineering (CAE) 04/03/2017   621.38 RAM CAEN-6284 04/05/2017 04/05/2017 Book
          College of Aeronautical Engineering (CAE) College of Aeronautical Engineering (CAE) 04/03/2017   621.38 RAM CAEN-6283 04/05/2017 04/05/2017 Book
© 2023 Central Library, National University of Sciences and Technology. All Rights Reserved.